[Event "Casino op 3rd"]
[Site "Velden"]
[Date "1995.??.??"]
[Round "6"]
[White "Goeslbauer, Harald"]
[Black "Rubenzucker, Gerhard"]
[Result "1/2-1/2"]
[WhiteElo "1640"]
[BlackElo "1746"]
[PlyCount "144"]
[EventDate "1995.06.30"]
[EventType "swiss"]
[EventRounds "9"]
[EventCountry "AUT"]
[SourceTitle "EXT 2022"]
[Source "ChessBase"]
[SourceDate "2021.10.06"]
[SourceVersion "1"]
[SourceVersionDate "2021.10.06"]
[SourceQuality "1"]

1. c4 e5 2. Nc3 Nf6 3. g3 c6 4. e4 Be7 5. Bg2 d6 6. Nge2 Be6 7. b3 Qc8 8. d4 Bh3 9. 0-0 Bxg2 10. Kxg2 0-0 11. Bb2 Nbd7 12. Qd2 Re8 13. Rad1 Nf8 14. f3 Ng6 15. d5 c5 16. Rf2 Nh5 17. Rdf1 f5 18. exf5 Qxf5 19. Ne4 Rf8 20. Bc1 Rf7 21. Qc2 Raf8 22. Be3 Nhf4+ 23. Nxf4 exf4 24. Bc1 fxg3 25. hxg3 Ne5 26. Bf4 g5 27. Bxe5 Qxe5 28. Rh1 Qf5 29. Rh6 b6 30. Qe2 Rd8 31. Re6 h5 32. Qe3 Rg7 33. Nxc5 Bf6 34. Re8+ Rxe8 35. Qxe8+ Kh7 36. Qxh5+ Kg8 37. Qe8+ Kh7 38. Ne6 Re7 39. Qh5+ Kg8 40. Qg4 Qg6 41. Qe4 Qh6 42. Kf1 Qh1+ 43. Ke2 Bg7 44. Qc2 Qg1 45. g4 Kf7 46. Qf5+ Ke8 47. Qxg5 Kd7 48. Qe3 Qa1 49. Qd2 Bc3 50. Qd1 Qxa2+ 51. Kf1 Qa3 52. Re2 Rf7 53. Kg2 Be5 54. Qb1 Qb4 55. Qc2 a5 56. g5 a4 57. bxa4 Qa3 58. Qe4 Qc1 59. g6 Rg7 60. Qg4 Rg8 61. Nf8+ Kc7 62. Qd7+ Kb8 63. Qd8+ Kb7 64. Qe7+ Ka6 65. Rxe5 dxe5 66. g7 Qd2+ 67. Kg3 Qe1+ 68. Kg2 Qe2+ 69. Kg3 Qf1 70. Ne6 Qg1+ 71. Kh3 Qf1+ 72. Kg3 Qg1+ 1/2-1/2

[Event "Casino op 3rd"]
[Site "Velden"]
[Date "1995.??.??"]
[Round "4"]
[White "Kinzlinger, Georg"]
[Black "Rubenzucker, Gerhard"]
[Result "1-0"]
[WhiteElo "1765"]
[BlackElo "1746"]
[PlyCount "133"]
[EventDate "1995.06.30"]
[EventType "swiss"]
[EventRounds "9"]
[EventCountry "AUT"]
[SourceTitle "EXT 2022"]
[Source "ChessBase"]
[SourceDate "2021.10.06"]
[SourceVersion "1"]
[SourceVersionDate "2021.10.06"]
[SourceQuality "1"]

1. e4 e6 2. d4 d5 3. e5 c5 4. c3 Nc6 5. Nf3 Qb6 6. Bd3 Bd7 7. 0-0 cxd4 8. cxd4 Nxd4 9. Nxd4 Qxd4 10. Nc3 a6 11. Kh1 Ne7 12. f4 g6 13. Qf3 Bc6 14. a3 Qb6 15. b4 Bg7 16. Bd2 0-0 17. Ne2 f6 18. Qh3 Bd7 19. Bc3 fxe5 20. Bxe5 Bxe5 21. fxe5 Rf2 22. Qh4 Raf8 23. Rxf2 Qxf2 24. Qxe7 Rf7 25. Qd8+ Kg7 26. Qg5 Bc6 27. Qg3 Qxg3 28. Nxg3 Rf2 29. Rc1 Ra2 30. Bf1 Rxa3 31. Ne2 Re3 32. Nd4 Rxe5 33. Nxc6 bxc6 34. Rxc6 d4 35. Rxa6 d3 36. Rd6 Rb5 37. Rxd3 Rxb4 38. Rd7+ Kh6 39. Kg1 Rf4 40. Re7 Re4 41. Kf2 Rf4+ 42. Ke1 Re4+ 43. Be2 Re5 44. Kf2 Rf5+ 45. Bf3 Re5 46. h4 g5 47. hxg5+ Kg6 48. Kg1 Re1+ 49. Kh2 Re5 50. Bg4 Kxg5 51. Rxe6 Ra5 52. Bf3 h6 53. Rd6 Ra4 54. Kg3 Rb4 55. Re6 Rb5 56. Re8 Kg6 57. Re4 h5 58. Kh4 Rb1 59. Bxh5+ Kf5 60. Bf3 Rh1+ 61. Kg3 Kg5 62. Re5+ Kf6 63. Kf4 Rh4+ 64. g4 Rh2 65. Rc5 Rb2 66. Rc6+ Kg7 67. Be4 1-0

[Event "Casino op 3rd"]
[Site "Velden"]
[Date "1995.??.??"]
[Round "9"]
[White "Rubenzucker, Gerhard"]
[Black "Mueller, Anton"]
[Result "1/2-1/2"]
[WhiteElo "1746"]
[BlackElo "1781"]
[PlyCount "113"]
[EventDate "1995.06.30"]
[EventType "swiss"]
[EventRounds "9"]
[EventCountry "AUT"]
[SourceTitle "EXT 2022"]
[Source "ChessBase"]
[SourceDate "2021.10.06"]
[SourceVersion "1"]
[SourceVersionDate "2021.10.06"]
[SourceQuality "1"]

1. e4 c5 2. Nf3 d6 3. d4 cxd4 4. Nxd4 Nf6 5. Nc3 a6 6. Be2 e6 7. Bg5 Be7 8. h4 h6 9. Be3 Qc7 10. g4 b5 11. a3 Bb7 12. Bd3 d5 13. g5 hxg5 14. Bxg5 Nxe4 15. Bxe4 Bxg5 16. hxg5 Rxh1+ 17. Bxh1 Qh2 18. Qf3 Qg1+ 19. Kd2 Qxg5+ 20. Qe3 Qxe3+ 21. fxe3 Nd7 22. e4 dxe4 23. Nxe4 Ke7 24. Nc3 Bxh1 25. Rxh1 Ne5 26. b3 Rd8 27. Nce2 Ng4 28. Kc3 Rc8+ 29. Kb2 Ne3 30. Rh3 Nd5 31. c3 g5 32. Rg3 Rg8 33. c4 bxc4 34. bxc4 Nb6 35. c5 Na4+ 36. Kb3 Nxc5+ 37. Kb4 Kd6 38. Nc3 f5 39. Rg1 g4 40. Rd1 Ne4 41. Nxe4+ fxe4 42. Nf3+ Ke7 43. Ng1 Kf6 44. Ka5 Ke5 45. Ne2 Rh8 46. a4 Rh2 47. Re1 e3 48. Kxa6 Ke4 49. a5 Kd3 50. Ng1 e2 51. Kb5 Kd2 52. Rxe2+ Rxe2 53. Nxe2 Kxe2 54. a6 g3 55. a7 g2 56. a8Q g1Q 57. Qa2+ 1/2-1/2

[Event "Casino op 3rd"]
[Site "Velden"]
[Date "1995.??.??"]
[Round "5"]
[White "Rubenzucker, Gerhard"]
[Black "Zajicek, Wolfgang"]
[Result "1-0"]
[WhiteElo "1746"]
[BlackElo "1601"]
[PlyCount "121"]
[EventDate "1995.06.30"]
[EventType "swiss"]
[EventRounds "9"]
[EventCountry "AUT"]
[SourceTitle "EXT 2022"]
[Source "ChessBase"]
[SourceDate "2021.10.06"]
[SourceVersion "1"]
[SourceVersionDate "2021.10.06"]
[SourceQuality "1"]

1. e4 e6 2. d4 d5 3. Nc3 Bb4 4. e5 c5 5. a3 Bxc3+ 6. bxc3 Qc7 7. Qg4 Ne7 8. Qxg7 Rg8 9. Qxh7 cxd4 10. Ne2 dxc3 11. f4 Bd7 12. Nd4 a6 13. a4 Nbc6 14. Nxc6 Bxc6 15. Rb1 Bxa4 16. Ba3 Bc6 17. Bd6 Qa5 18. Rg1 Qa2 19. Rb3 Qa1+ 20. Kf2 Qc1 21. g3 d4 22. Qd3 Nf5 23. Bg2 Qe3+ 24. Qxe3 dxe3+ 25. Ke1 Bxg2 26. Rxg2 b5 27. Rxc3 a5 28. Rc7 b4 29. c4 b3 30. c5 a4 31. c6 a3 32. Bxa3 Nd4 33. Re7+ Kd8 34. Rd7+ Kc8 35. Rxd4 Rxa3 36. Rb2 Kc7 37. Ke2 Ra2 38. Rxa2 bxa2 39. Ra4 Rh8 40. h4 Rg8 41. Rxa2 Rxg3 42. Ra7+ Kxc6 43. Rxf7 Kd5 44. Kd3 e2+ 45. Kxe2 Ke4 46. Rf6 Rh3 47. Kf2 Rxh4 48. Kg3 Rh1 49. Kg4 Rg1+ 50. Kh5 Rf1 51. Kg6 Kd5 52. Kf7 Rf2 53. f5 Kxe5 54. Rxe6+ Kf4 55. f6 Kg5 56. Kg7 Rg2 57. Ra6 Kf5+ 58. Kf8 Rg6 59. Kf7 Rg3 60. Ra5+ Ke4 61. Ke7 1-0

[Event "Casino op 3rd"]
[Site "Velden"]
[Date "1995.??.??"]
[Round "2"]
[White "Stanka, Wolfgang"]
[Black "Rubenzucker, Gerhard"]
[Result "1-0"]
[WhiteElo "2150"]
[BlackElo "1746"]
[PlyCount "105"]
[EventDate "1995.06.30"]
[EventType "swiss"]
[EventRounds "9"]
[EventCountry "AUT"]
[SourceTitle "EXT 2022"]
[Source "ChessBase"]
[SourceDate "2021.10.06"]
[SourceVersion "1"]
[SourceVersionDate "2021.10.06"]
[SourceQuality "1"]

1. e4 e6 2. d4 d5 3. exd5 exd5 4. Nf3 Bf5 5. c4 Bxb1 6. Rxb1 Bb4+ 7. Bd2 Qe7+ 8. Be2 Bxd2+ 9. Nxd2 Nf6 10. 0-0 0-0 11. Bf3 c6 12. Re1 Qd8 13. Qb3 b6 14. cxd5 cxd5 15. Rbc1 Na6 16. Nf1 Nc7 17. Ne3 Ne6 18. Red1 Nc7 19. Rc6 Qd7 20. Rdc1 Ne6 21. Qc3 Rfd8 22. Ng4 Nxg4 23. Bxg4 Nf4 24. Bxd7 Ne2+ 25. Kf1 Nxc3 26. R1xc3 Rxd7 27. Rc8+ Rd8 28. Rxd8+ Rxd8 29. Rc7 g6 30. Rxa7 Rc8 31. b3 Rc2 32. Ra6 Kf8 33. Rxb6 Rxa2 34. Rb5 Rb2 35. g3 h5 36. Kg2 Ke7 37. Rxd5 Rxb3 38. Re5+ Kd6 39. Re3 Rb7 40. Kf3 Rb2 41. Re2 Rb8 42. Kf4 f6 43. h4 Ra8 44. Rb2 Rf8 45. Rb7 Rg8 46. Rb6+ Ke7 47. Ke4 g5 48. Kd5 Rd8+ 49. Kc5 gxh4 50. gxh4 Rg8 51. d5 Rg1 52. Rb7+ Kd8 53. Kd6 1-0